Conceptos fundamentales de pastoral
Guardat en:
| Autors principals: | , |
|---|---|
| Format: | Llibre |
| Idioma: | espanyol |
| Publicat: |
Madrid
Cristiandad
1983
|
| Matèries: | |
| Etiquetes: |
Afegir etiqueta
Sense etiquetes, Sigues el primer a etiquetar aquest registre!
|
MARC
| LEADER | 00000nam a2200000 a 4500 | ||
|---|---|---|---|
| 001 | UCZ3474 | ||
| 003 | CL-VaPUC | ||
| 008 | 951020e19830000SP |||||||||||||||||spa|d | ||
| 082 | 0 | 4 | |a 253.03 |b FLO |2 21 |
| 100 | 0 | |a Floristán Samanes, Casiano |e author |9 347238 | |
| 700 | 0 | |a Tamayo-Acosta, Juan-José |e author |9 347239 | |
| 245 | 1 | 0 | |a Conceptos fundamentales de pastoral |
| 300 | |a 1052 p | ||
| 942 | |c BK | ||
| 945 | |d 19951020 00:00:00 |a aalvarez | ||
| 260 | |a Madrid |b Cristiandad |c 1983 | ||
| 650 | 0 | |a Teología pastoral |9 257832 | |
| 650 | 0 | |a Diccionarios |9 256200 | |
| 650 | 0 | |a Español |9 255372 | |
| 583 | |a last modification |c 19951020 00:00:00 |k Rodrigo Vera | ||
| 999 | |c 239946 |d 239944 | ||
| 952 | |0 0 |1 0 |4 0 |6 253_030000000000000_FLO_1983 |7 0 |8 F |9 251501 |a BIBTEO |b BIBTEO |d 2019-11-18 |i 2020653 |o 253.03 FLO 1983 |p 2020653 |r 2025-01-17 |w 2019-11-18 |y BK_F |k ICR | ||